Multi-resolution Transform based Feature Extraction Techniques for Differentiating Glioma Grades using MRI Images/ (Record no. 610285)

000 -LEADER
fixed length control field 00579nam a22001697a 4500
003 - CONTROL NUMBER IDENTIFIER
control field NUST
038 ## - RECORD CONTENT LICENSOR
Staff Name Nusrat Nadeem
082 ## - DEWEY DECIMAL CLASSIFICATION NUMBER
Classification number 200
100 ## - MAIN ENTRY--PERSONAL NAME
Personal name ZIA RAZIA
245 ## - TITLE STATEMENT
Title Multi-resolution Transform based Feature Extraction Techniques for Differentiating Glioma Grades using MRI Images/
Statement of responsibility, etc. RAZIA ZIA
264 ## - PRODUCTION, PUBLICATION, DISTRIBUTION, MANUFACTURE, AND COPYRIGHT NOTICE
Place of production, publication, distribution, manufacture Karachi;
Name of producer, publisher, distributor, manufacturer PNEC NUST;
Date of production, publication, distribution, manufacture, or copyright notice 2018.
300 ## - PHYSICAL DESCRIPTION
Extent 116,p;
Other physical details ill;
Dimensions 30,cm.
650 ## - SUBJECT ADDED ENTRY--TOPICAL TERM
Topical term or geographic name entry element PhD-Electrical Engineering
700 ## - ADDED ENTRY--PERSONAL NAME
Personal name Supervisor- Dr. Pervez Akhtar
856 ## - ELECTRONIC LOCATION AND ACCESS
Uniform Resource Identifier <a href="http://10.250.8.41:8080/xmlui/handle/123456789/34059">http://10.250.8.41:8080/xmlui/handle/123456789/34059</a>
942 ## - ADDED ENTRY ELEMENTS (KOHA)
Source of classification or shelving scheme
Koha item type Soft Copy
Holdings
Withdrawn status Permanent Location Current Location Shelving location Date acquired Full call number Barcode Koha item type
  Central Library (CL) Central Library (CL) Thesis 07/11/2024 200 CLPT-247 Soft Copy
  Central Library (CL) Central Library (CL) Thesis 07/11/2024 200 CLPT-244 Soft Copy
© 2023 Central Library, National University of Sciences and Technology. All Rights Reserved.